ドラゴンクエスト10 モンスター(ver1) - Statistics

General Stats
  • This quiz has been taken 18 times
  • The average score is 33 of 363
Answer Stats
Hint Answer % Correct
スライム系 スライム
100%
スライム系 スライムベス
75%
スライム系 メタルスライム
75%
スライム系 はぐれメタル
67%
マシン系 キラーマシン
67%
スライム系 ホイミスライム
58%
スライム系 キングスライム
58%
鳥系 ドラキー
50%
スライム系 スライムナイト
50%
鳥系 ドラキーマ
50%
スライム系 スライムベホマズン
50%
けもの系 いたずらもぐら
42%
けもの系 キラースコップ
42%
スライム系 バブルスライム
42%
スライム系 メタルキング
42%
マシン系 ガチャコッコ
42%
植物系 じんめんじゅ
42%
物質系 ゴーレム
42%
物質系 ひとくいばこ
42%
物質系 ゴールドマン
42%
物質系 ミミック
42%
水系 プチアーノン
33%
スライム系 スライムつむり
33%
水系 しびれくらげ
33%
水系 ぐんたいガニ
33%
けもの系 プリズニャン
33%
エレメント系 フレイム
33%
ゾンビ系 くさった死体
33%
けもの系 オーク
33%
ゾンビ系 がいこつ
33%
あくま系 アークデーモン
33%
ゾンビ系 しりょうのきし
33%
マシン系 メタルハンター
33%
エレメント系 ブリザード
33%
スライム系 ベホマスライム
33%
鳥系 ひくいどり
33%
鳥系 ホークブリザード
33%
あくま系 シルバーデビル
33%
あくま系 サイクロプス
33%
ゾンビ系 まおうのつかい
33%
あくま系 ギガンテス
33%
エレメント系 メラゴースト
25%
怪人系 おおきづち
25%
けもの系 ねこまどう
25%
植物系 オニオーン
25%
鳥系 タホドラキー
25%
マシン系 メタッピー
25%
怪人系 ブラウニー
25%
ゾンビ系 マドハンド
25%
スライム系 スライムタワー
25%
鳥系 キメラ
25%
けもの系 イエティ
25%
鳥系 メイジキメラ
25%
水系 マリンスライム
25%
ゾンビ系 どくどくゾンビ
25%
ゾンビ系 ボーンナイト
25%
ドラゴン系 りゅうき兵
25%
ドラゴン系 ドラゴンキッズ
25%
スライム系 メタルライダー
25%
鳥系 サイレス
25%
あくま系 ベリアル
25%
ゾンビ系 グール
25%
ゾンビ系 しにがみきぞく
25%
けもの系 いっかくうさぎ
17%
けもの系 しましまキャット
17%
ゾンビ系 ゴースト
17%
エレメント系 さまようたましい
17%
けもの系 アルミラージ
17%
鳥系 ピッキー
17%
鳥系 メイジドラキー
17%
物質系 わらいぶくろ
17%
スライム系 ベホイミスライム
17%
怪人系 ベロベロ
17%
物質系 おどるほうせき
17%
水系 マージスター
17%
鳥系 エビルホーク
17%
エレメント系 ドロヌーバ
17%
けもの系 ゴールドオーク
17%
物質系 うごくせきぞう
17%
ゾンビ系 かげのきし
17%
水系 ガニラス
17%
植物系 ウドラー
17%
けもの系 デンタザウルス
17%
マシン系 ルバンカ
17%
ドラゴン系 スカルゴン
17%
あくま系 セルゲイナス
17%
物質系 ストーンマン
17%
スライム系 クイーンスライム
17%
ドラゴン系 ドラゴンゾンビ
17%
けもの系 ビッグハット
8%
植物系 ナスビナーラ
8%
植物系 おむつっこり
8%
あくま系 モーモン
8%
ドラゴン系 メラリザード
8%
物質系 おばけキャンドル
8%
ゾンビ系 ボーンバット
8%
虫系 キャタピラー
8%
鳥系 おおくちばし
8%
エレメント系 ギズモ
8%
スライム系 メタルブラザーズ
8%
マシン系 たけやりへい
8%
あくま系 グレムリン
8%
水系 ポイズンリザード
8%
けもの系 トンブレロ
8%
あくま系 スノーモン
8%
けもの系 ジャガーメイジ
8%
マシン系 アイアンクック
8%
あくま系 ピンクモーモン
8%
物質系 ばくだん岩
8%
物質系 マジカルハット
8%
植物系 メランザーナ
8%
ドラゴン系 ベビーニュート
8%
けもの系 ベンガルクーン
8%
けもの系 キャットフライ
8%
物質系 スマイルロック
8%
けもの系 ベロニャーゴ
8%
ドラゴン系 リザードマン
8%
ゾンビ系 ぼうれい剣士
8%
植物系 たまねぎマン
8%
ゾンビ系 ほねコウモリ
8%
水系 じごくのハサミ
8%
植物系 おばけトマト
8%
ゾンビ系 ソードファントム
8%
怪人系 たてまじん
8%
あくま系 マポレーナ
8%
スライム系 ベホイムスライム
8%
物質系 ブラッドソード
8%
怪人系 スモールグール
8%
ドラゴン系 スマイルリザード
8%
けもの系 デザートゴースト
8%
ドラゴン系 ダッシュラン
8%
水系 キラークラブ
8%
物質系 ひとくいサーベル
8%
物質系 メガザルロック
8%
ゾンビ系 ブラッドハンド
8%
鳥系 スターキメラ
8%
ゾンビ系 ダークナイト
8%
虫系 かっちゅうアリ
8%
怪人系 シールドオーガ
8%
ゾンビ系 シルバーマント
8%
けもの系 オークキング
8%
ドラゴン系 シュプリンガー
8%
ゾンビ系 グレイトライドン
8%
ゾンビ系 リビングデッド
8%
マシン系 ヘルカッチャ
8%
けもの系 サウルスロード
8%
あくま系 ボストロール
8%
けもの系 バザックス
8%
物質系 パンドラボックス
8%
ゾンビ系 ヘルクラッシャー
8%
けもの系 トリカトラプス
8%
けもの系 ファーラット
0%
虫系 さそりばち
0%
鳥系 クックルー
0%
あくま系 みならいあくま
0%
エレメント系 ホイップゴースト
0%
虫系 メーダ
0%
虫系 どくイモムシ
0%
怪人系 おにこぞう
0%
怪人系 リリパット
0%
怪人系 つちわらし
0%
けもの系 ぬすっとウサギ
0%
ドラゴン系 フェアリードラゴン
0%
植物系 もみじこぞう
0%
けもの系 どくろあらい
0%
怪人系 シールドこぞう
0%
スライム系 ゴールデントーテム
0%
植物系 どんぐりベビー
0%
物質系 しびれだんびら
0%
あくま系 びっくりサタン
0%
植物系 ふゆうじゅ
0%
ゾンビ系 チャームバット
0%
怪人系 どくやずきん
0%
エレメント系 ポイズントリル
0%
水系 おばけヒトデ
0%
ゾンビ系 しのどれい
0%
怪人系 ゆめにゅうどう
0%
物質系 くみひもこぞう
0%
けもの系 あばれこまいぬ
0%
虫系 ハンターフライ
0%
けもの系 スカルガル―
0%
エレメント系 デビルスノー
0%
怪人系 カメレオンマン
0%
けもの系 モコモコじゅう
0%
物質系 ともしびこぞう
0%
あくま系 タップデビル
0%
エレメント系 バブリン
0%
怪人系 あおだけ童子
0%
けもの系 キャットバット
0%
虫系 メーダロード
0%
鳥系 ランドンクイナ
0%
怪人系 アローインプ
0%
水系 だいおうキッズ
0%
けもの系 サイおとこ
0%
けもの系 さんぞくウルフ
0%
けもの系 シードッグ
0%
鳥系 プテラノドン
0%
ゾンビ系 マッドフィンガー
0%
怪人系 ピクシー
0%
怪人系 バアラック
0%
あくま系 ベビーマジシャン
0%
怪人系 デスマエストロ
0%
虫系 イエローシックル
0%
あくま系 あくま神官
0%
水系 タップペンギー
0%
エレメント系 プヨンターゲット
0%
けもの系 ケダモン
0%
虫系 マジックフライ
0%
マシン系 とうろうへい
0%
鳥系 デザートランナー
0%
植物系 ウッディアイ
0%
怪人系 コトブキーノ
0%
植物系 ブルベリーノ
0%
植物系 アロエおに
0%
怪人系 ビッグフェイス
0%
植物系 ケセランパセラン
0%
植物系 モコフル
0%
ゾンビ系 メトロゴースト
0%
あくま系 ひとつめピエロ
0%
けもの系 あらくれチャッピー
0%
エレメント系 ポムポムボム
0%
マシン系 からくりだいみょう
0%
水系 タコメット
0%
けもの系 サマーウルフ
0%
けもの系 ホタテワラビー
0%
虫系 メーダクイン
0%
虫系 グリーンシザー
0%
鳥系 デッドペッカー
0%
植物系 まだらイチョウ
0%
植物系 マザーウッド
0%
物質系 てまねきリング
0%
エレメント系 フロストギズモ
0%
怪人系 インキュバス
0%
怪人系 きりさきピエロ
0%
植物系 じごくのたまねぎ
0%
あくま系 ホースデビル
0%
けもの系 キラーファング
0%
けもの系 ふくめんバニー
0%
鳥系 デスパロット
0%
ゾンビ系 どれいへいし
0%
怪人系 バサラーナ
0%
マシン系 エビルチクリン
0%
水系 ネイルビースト
0%
虫系 イーブルフライ
0%
ゾンビ系 バイキングソウル
0%
あくま系 よろいのきし
0%
エレメント系 ジェリーマン
0%
エレメント系 レッドプリン
0%
怪人系 えんまのつかい
0%
虫系 キラービー
0%
物質系 クリスタルハンド
0%
ゾンビ系 ウィッチネイル
0%
けもの系 ビッグスロース
0%
物質系 パペットロープ
0%
ゾンビ系 ボーンプリズナー
0%
水系 岩とびあくま
0%
虫系 げんじかぶと
0%
物質系 キラートーチ
0%
ゾンビ系 コープスフライ
0%
植物系 きせいじゅ
0%
あくま系 グリゴンダンス
0%
けもの系 サブナック
0%
鳥系 アカイライ
0%
けもの系 ライノソルジャー
0%
鳥系 アサシンエミュー
0%
エレメント系 ヒートギズモ
0%
怪人系 ヘルコンダクター
0%
水系 チャンプスター
0%
あくま系 ベビル
0%
水系 サンダーフロッグ
0%
物質系 サタンメイル
0%
けもの系 ゲリュオン
0%
ドラゴン系 ベビーサラマンダ
0%
エレメント系 ましょうぐも
0%
水系 スクラッチャー
0%
スライム系 つららスライム
0%
エレメント系 リュウイーソー
0%
エレメント系 うみぼうず
0%
水系 アサシンクロー
0%
虫系 かえんムカデ
0%
ゾンビ系 ヘルゴースト
0%
ゾンビ系 ワイトキング
0%
水系 こうていタップ
0%
けもの系 ダーティラビッツ
0%
水系 マッドルーパー
0%
あくま系 バルバロッサ
0%
エレメント系 マグマロン
0%
怪人系 ドッグラマッコイ
0%
けもの系 ダークペルシャ
0%
けもの系 アームライオン
0%
虫系 アイスボンバー
0%
怪人系 ダークホビット
0%
怪人系 ナイトメーア
0%
けもの系 ナイトキャット
0%
鳥系 アイスコンドル
0%
けもの系 フレイムドッグ
0%
あくま系 ガルバ
0%
あくま系 ゴルバ
0%
けもの系 ライノスキング
0%
鳥系 フライングデス
0%
物質系 てっこうまじん
0%
マシン系 からくりしょうぐん
0%
ゾンビ系 ボーンファイター
0%
虫系 ブラックマンティス
0%
ゾンビ系 ろうごくのぬし
0%
怪人系 キラージャック
0%
ドラゴン系 テラノライナー
0%
あくま系 ヘルビースト
0%
物質系 デビルアーマー
0%
あくま系 バアルゼブブ
0%
けもの系 ウイングタイガー
0%
けもの系 太古のぬし
0%
けもの系 ホラービースト
0%
けもの系 ヘルシーサー
0%
物質系 ビッグモアイ
0%
物質系 リビングスタチュー
0%
物質系 マジックアーマー
0%
物質系 ゴードンヘッド
0%
ドラゴン系 みずたまドラゴン
0%
鳥系 れんごくちょう
0%
あくま系 じごくのつかい
0%
あくま系 キラーデーモン
0%
あくま系 ウィングデビル
0%
鳥系 ケツァルコアトルス
0%
あくま系 メッサーラ
0%
怪人系 アモデウス
0%
ドラゴン系 ギガントヒルズ
0%
ドラゴン系 せつげんりゅう
0%
ドラゴン系 ファンキードラゴ
0%
あくま系 ブルーイーター
0%
けもの系 ダークパンサー
0%
あくま系 レッドイーター
0%
ゾンビ系 デスプリースト
0%
あくま系 グリンバングル
0%
あくま系 じごくのもんばん
0%
けもの系 カバリアー
0%
あくま系 イエロバングル
0%
あくま系 トロル
0%
けもの系 ヒポせんし
0%
ドラゴン系 ヘルジュラシック
0%
虫系 シーザーレインボー
0%
あくま系 ベレス
0%
鳥系 フォレスドン
0%
ゾンビ系 なげきの亡霊
0%
あくま系 ベルフェゴル
0%
けもの系 やつざきアニマル
0%
あくま系 デビルプリンス
0%
虫系 スカラベキング
0%
あくま系 ずしおうまる
0%
ドラゴン系 ギガントドラゴン
0%
あくま系 しにがみのきし
0%
マシン系 バロンナイト
0%
けもの系 ヒッポキング
0%
けもの系 ヌーデビル
0%
あくま系 ブルサベージ
0%
けもの系 キマイラロード
0%
怪人系 オーガキング
0%
物質系 クラウンヘッド
0%
怪人系 ネクロバルサ
0%
けもの系 まかいじゅう
0%
けもの系 デスゴーゴン
0%
ドラゴン系 おにこんぼう
0%
ドラゴン系 キングリザード
0%
No matching quizzes found
Score Distribution
Percent of People with Each Score
Percentile by Number Answered
Your Score History
You have not taken this quiz